Nations of the Modern World Egypt / (Record no. 184188)

000 -LEADER
fixed length control field 00483 a2200169 4500
003 - CONTROL NUMBER IDENTIFIER
control field Nust
005 - DATE AND TIME OF LATEST TRANSACTION
control field 20230206123523.0
040 ## - CATALOGING SOURCE
Transcribing agency Nust
082 ## - DEWEY DECIMAL CLASSIFICATION NUMBER
Classification number 962,LIT
100 ## - MAIN ENTRY--PERSONAL NAME
Personal name Little, Tom
9 (RLIN) 108659
245 ## - TITLE STATEMENT
Title Nations of the Modern World Egypt /
Statement of responsibility, etc. Tom Little
260 ## - PUBLICATION, DISTRIBUTION, ETC.
Place of publication, distribution, etc. Scotland
Name of publisher, distributor, etc. J B Trend
Linkage 1958
300 ## - PHYSICAL DESCRIPTION
Extent 334:p
505 ## - FORMATTED CONTENTS NOTE
Formatted contents note Reface (Page-5), Bibliography (Page-11), Egypt (Page-15), Index (Page-323).
650 ## - SUBJECT ADDED ENTRY--TOPICAL TERM
Topical term or geographic name entry element Nations of the Modern World
9 (RLIN) 108658
942 ## - ADDED ENTRY ELEMENTS (KOHA)
Source of classification or shelving scheme
Koha item type Book
Holdings
Withdrawn status Lost status Source of classification or shelving scheme Damaged status Not for loan Permanent Location Current Location Shelving location Date acquired Shelving control number Full call number Barcode Date last seen Price effective from Koha item type Public note
          Military College of Signals (MCS) Military College of Signals (MCS) General Stacks 12/12/2016 History 962mLIT MCS29076 12/08/2016 12/12/2016 Book Almirah No.62, Shelf No.5
© 2023 Central Library, National University of Sciences and Technology. All Rights Reserved.